[Event "Olimpiadi 2008 - open"]
[Site "Dresda GER"]
[Date "2008.11.22"]
[Round "9"]
[White "Amanov, M."]
[Black "Xie, G."]
[Result "0-1"]
[WhiteElo "2357"]
[BlackElo "2403"]
[PlyCount "150"]
[EventDate "2008.11.13"]
[Source "www.chesslib.no"]
[SourceDate "2004.05.04"]

1. d4 d5 2. Nf3 c6 3. c4 Nf6 4. Nc3 g6 5. Bf4 Bg7 6. cxd5 cxd5 7. Bxb8 Rxb8 8. Qa4+ Bd7 9. Qxa7 Ra8 10. Qc5 e6 11. Qb4 Ne4 12. e3 Bf8 13. Qb3 Nxc3 14. bxc3 Qa5 15. Be2 Ba4 16. Qb2 Bd6 17. O-O O-O 18. c4 dxc4 19. Bxc4 Rfc8 20. Bb3 Bb5 21. Rfc1 Bc6 22. Qe2 Qf5 23. Nd2 Qg5 24. f4 Qd8 25. Nc4 Bb5 26. Qf3 Bc6 27. Qf2 Bb4 28. Ne5 Be4 29. Rxc8 Rxc8 30. Rd1 Rc3 31. g4 h6 32. h4 Kg7 33. h5 Ba3 34. hxg6 fxg6 35. Nc4 Be7 36. Qe1 Bb4 37. Qg3 Qc7 38. Nd2 Qc6 39. f5 Bd6 40. f6+ Kf7 41. Qf2 b5 42. Rf1 Bc7 43. Re1 g5 44. Bd1 Rc1 45. Rf1 Bd5 46. Bb3 Bxb3 47. axb3 Rc2 48. Qf3 Qxf3 49. Nxf3 Rc3 50. e4 Kxf6 51. Ne5+ Ke7 52. Ng6+ Kd6 53. Kg2 Rxb3 54. Rc1 Bb6 55. d5 exd5 56. e5+ Kd7 57. e6+ Kd6 58. e7 Re3 59. Rc8 Kd7 60. Rb8 Bc7 61. Rxb5 Kc6 62. Rb3 Re4 63. Kf3 Bd6 64. Re3 Rxe3+ 65. Kxe3 Bc5+ 66. Kd3 Kd7 67. Kc3 Ke8 68. Kd3 Bxe7 69. Kd4 Bf6+ 70. Kxd5 Kf7 71. Nh4 gxh4 72. Ke4 Be5 73. Kf3 h3 74. Kf2 Bh2 75. Kf3 Kf6 0-1

[Event "Stork Young Masters"]
[Site "?"]
[Date "2003.08.05"]
[Round "3"]
[White "Nyback Tomi"]
[Black "Lahaye Rick"]
[Result "1-0"]
[WhiteElo "2483"]
[BlackElo "2273"]
[PlyCount "29"]
[EventDate "2003.??.??"]
[Source "www.chesslib.no"]
[SourceDate "2004.05.04"]

1. Nf3 c6 2. c4 d5 3. d4 Nf6 4. Nc3 g6 5. cxd5 cxd5 6. Bf4 a6 7. h3 Bg7 8. e3 O-O 9. Be2 Nc6 10. O-O b6 11. Ne5 Bb7 12. Nxc6 Bxc6 13. Qb3 e6 14. Rfc1 Re8 15. Nd1 1-0

[Event "Moscow-ch"]
[Site "Moscow"]
[Date "1997.??.??"]
[Round "1"]
[White "Gorelov, Sergey G"]
[Black "Ivliev, Oleg"]
[Result "1-0"]
[WhiteElo "2480"]
[BlackElo "2275"]
[PlyCount "117"]
[EventDate "1997.??.??"]
[Source "www.chesslib.no"]
[SourceDate "2004.05.04"]

1. Nf3 d5 2. d4 c6 3. c4 Nf6 4. Nc3 g6 5. cxd5 cxd5 6. Bf4 Nc6 7. e3 Nh5 8. Be5 Bg7 9. Bxg7 Nxg7 10. Bb5 O-O 11. Bxc6 bxc6 12. Ne5 Qd6 13. Qa4 c5 14. Nb5 Qb6 15. dxc5 Qxc5 16. O-O Rb8 17. Nd4 Qd6 18. Ndc6 Rxb2 19. Rad1 Bd7 20. Nxe7+ Qxe7 21. Nxd7 Rd8 22. Rxd5 Rb7 23. Rfd1 Ne6 24. h3 Rc8 25. Ne5 Rcc7 26. R5d2 Kg7 27. Nf3 Qb4 28. Qa6 Nc5 29. Qf1 Rd7 30. Nd4 Rdc7 31. Rc2 Na4 32. Rxc7 Rxc7 33. Rb1 Qa5 34. Qb5 Qxb5 35. Rxb5 Rc1+ 36. Kh2 Ra1 37. Ra5 Rxa2 38. Rxa7 Nc3 39. Rxa2 Nxa2 40. Kg3 Kf6 41. Kf4 Nb4 42. e4 g5+ 43. Ke3 h5 44. g3 g4 45. h4 Ke5 46. f3 gxf3 47. Nxf3+ Kf6 48. Ne1 Nc6 49. Nd3 Kg6 50. Nf4+ Kh6 51. Kd3 Ne5+ 52. Kd4 Nf3+ 53. Kd5 Nd2 54. Ke5 Nf1 55. Kf6 Nxg3 56. e5 Kh7 57. Kxf7 Nf5 58. e6 Nxh4 59. Kf6 1-0

[Event "Orel"]
[Site "?"]
[Date "1998.??.??"]
[Round "3"]
[White "Koniushkov Igor"]
[Black "Selensky Andrei"]
[Result "1-0"]
[WhiteElo "2395"]
[BlackElo "2360"]
[PlyCount "57"]
[EventDate "1998.??.??"]
[Source "www.chesslib.no"]
[SourceDate "2004.05.04"]

1. d4 d5 2. c4 c6 3. Nc3 Nf6 4. Nf3 g6 5. cxd5 cxd5 6. Bf4 a6 7. e3 Bg7 8. Bd3 O-O 9. O-O Nc6 10. Rc1 Nh5 11. Bg5 Qd6 12. Qb3 Rd8 13. Na4 b5 14. Nc5 Rb8 15. Rc2 Rb6 16. Rfc1 h6 17. Bh4 g5 18. Bg3 Nxg3 19. hxg3 Bg4 20. Nh2 Bc8 21. Nf3 Bg4 22. Nb7 Rxb7 23. Rxc6 Qb8 24. Rxa6 Bxf3 25. gxf3 e6 26. Rac6 Bf8 27. Bb1 Bd6 28. Kg2 f6 29. e4 1-0

[Event "Silvaplana SKA Open"]
[Site "Silvaplana"]
[Date "1993.??.??"]
[Round "?"]
[White "Gruenenwald, Joerg"]
[Black "Vucic, Mladen"]
[Result "0-1"]
[WhiteElo "2325"]
[BlackElo "2425"]
[PlyCount "96"]
[EventDate "1993.??.??"]
[Source "www.chesslib.no"]
[SourceDate "2004.05.04"]

1. d4 d5 2. c4 c6 3. Nf3 Nf6 4. Nc3 g6 5. Bf4 dxc4 6. a4 Nd5 7. Bg3 Bf5 8. a5 e6 9. e4 Nxc3 10. bxc3 Bxe4 11. Bxc4 Bg7 12. O-O O-O 13. Qe2 Bd5 14. Rfb1 Qc8 15. Bd3 c5 16. Bd6 c4 17. Bc2 Rd8 18. Be7 Re8 19. Bh4 Nc6 20. Bg3 b6 21. axb6 axb6 22. Rxa8 Qxa8 23. Bc7 Qc8 24. Bxb6 e5 25. Re1 Bxf3 26. gxf3 Qe6 27. Ba4 Rc8 28. Qd1 Nb4 29. cxb4 Qxb6 30. d5 Rd8 31. Qd2 Qd4 32. Rd1 c3 33. Qg5 Qb6 34. Bc6 h6 35. Qh4 Rd6 36. Qc4 e4 37. fxe4 Be5 38. Rd3 Rf6 39. Qc5 Qc7 40. h3 Kg7 41. b5 Qa5 42. d6 Qa2 43. Kg2 Qe2 44. Qe3 Qxe3 45. Rxe3 Rxd6 46. Re1 Bf4 47. e5 Rd4 48. b6 c2 0-1

[Event "POL-ch"]
[Site "POL"]
[Date "1992.??.??"]
[Round "7"]
[White "Jasnikowski, Zbigniew"]
[Black "Macieja, Bartlomiej"]
[Result "1-0"]
[WhiteElo "2450"]
[BlackElo "2300"]
[PlyCount "69"]
[EventDate "1992.??.??"]
[Source "ChessBase"]

1. Nf3 Nf6 2. c4 c6 3. Nc3 d5 4. d4 g6 5. cxd5 cxd5 6. Bf4 Nc6 7. e3 Nh5 8. Be5 f6 9. Bg3 Nxg3 10. hxg3 Be6 11. Qb3 Qb6 12. Bb5 a6 13. Bxc6+ Qxc6 14. Rc1 Bg7 15. O-O O-O 16. Na4 Qb5 17. Rc7 Qxb3 18. axb3 b5 19. Nc5 Kf7 20. Nxe6 Kxe6 21. Rfc1 Rfd8 22. Ne1 a5 23. R1c6+ Kf7 24. Rb6 Rdb8 25. Rcb7 Rc8 26. Rxb5 Rc1 27. Kf1 a4 28. bxa4 Rxa4 29. Rc5 Rb1 30. Ke2 Raa1 31. Nd3 Rg1 32. Rxd5 Rxg2 33. Rdd7 Bf8 34. d5 Ke8 35. d6 1-0

[Event "SLO-chT"]
[Site "Celje"]
[Date "2004.12.02"]
[Round "5"]
[White "Krumpacnik, Domen"]
[Black "Zupe, Miran"]
[Result "1/2-1/2"]
[WhiteElo "2344"]
[BlackElo "2394"]
[PlyCount "38"]
[EventDate "2004.11.29"]
[Source "Roberto Alvarez"]
[SourceDate "2004.12.06"]

1. d4 d5 2. c4 c6 3. Nf3 Nf6 4. Nc3 g6 5. cxd5 cxd5 6. Bf4 a6 7. e3 Nc6 8. Bd3 Bg7 9. O-O O-O 10. h3 e6 11. Na4 Nd7 12. Rc1 e5 13. dxe5 Ndxe5 14. Be2 Be6 15. Nxe5 Nxe5 16. Nc5 Qe7 17. Nxe6 fxe6 18. Qc2 Nc6 19. a3 Nd4 1/2-1/2

[Event "It (Men) Chernigov UKR"]
[Site "?"]
[Date "2005.02.03"]
[Round "15"]
[White "Tuka Oleg"]
[Black "Eschenko Vadim"]
[Result "1/2-1/2"]
[WhiteElo "2297"]
[BlackElo "2438"]
[PlyCount "31"]
[EventDate "2005.??.??"]
[Source "www.chesslib.no"]
[SourceDate "2004.05.04"]

1. d4 Nf6 2. c4 g6 3. Nf3 d5 4. Nc3 c6 5. cxd5 cxd5 6. Bf4 Nc6 7. e3 Bg7 8. h3 O-O 9. Be2 Qb6 10. Nb5 Qa5+ 11. Nc3 Qb6 12. Nb5 Qa5+ 13. Qd2 Qxd2+ 14. Nxd2 Bf5 15. Rc1 Rac8 16. a3 1/2-1/2

[Event "Ostend Open"]
[Site "Ostend"]
[Date "1989.??.??"]
[Round "2"]
[White "Van der Sterren, Paul"]
[Black "Hofman, Ron"]
[Result "1-0"]
[WhiteElo "2500"]
[BlackElo "2235"]
[PlyCount "57"]
[EventDate "1989.??.??"]
[Source "www.chesslib.no"]
[SourceDate "2004.05.04"]

1. d4 Nf6 2. c4 c6 3. Nc3 d5 4. Nf3 g6 5. Bg5 Ne4 6. Bh4 Bg7 7. e3 Qa5 8. Qb3 dxc4 9. Bxc4 Nd6 10. Be2 Nd7 11. O-O Nf5 12. Bg5 h6 13. Bf4 g5 14. Bg3 Nxg3 15. hxg3 Nb6 16. a3 Be6 17. Qc2 Nd7 18. Bd3 O-O 19. b4 Qd8 20. Nd2 Nf6 21. Na4 a5 22. Rab1 axb4 23. axb4 Qb8 24. Nc5 Bc8 25. b5 cxb5 26. Rxb5 e5 27. dxe5 Ng4 28. e6 fxe6 29. Bc4 1-0